Geography Quiz

Random Geography or World Quiz

5-Letter Countries: 2nd & 4th Letter Quiz Stats

 Plays Quiz Updated Oct 11, 2016

Also try: Country per Letter
Challenge
Share
Tweet
Embed
Score 0/19 Timer 04:00
8 Plays Today
Clue Country % Correct
_H_N_China & Ghana
91.8%
_T_L_Italy
87%
_H_L_Chile
86.8%
_G_P_Egypt
84.7%
_P_I_Spain
82.1%
_A_A_Qatar, Japan & Palau
79.8%
_Y_I_Syria
75.4%
_A_T_Malta & Haiti
73.5%
_I_Y_Libya
72.1%
_O_G_Tonga
72%
Clue Country % Correct
_N_I_India
69.8%
_E_Y_Kenya
68.5%
_A_O_Gabon & Samoa
65.3%
_E _E_Yemen
64.6%
_E_I_Benin
63.6%
_E_A_Nepal
54.2%
_A_R_Nauru
50.7%
_U_A_Sudan
49.9%
_I_E_Niger
48.4%

You're not logged in!

Compare scores with friends on all Sporcle quizzes.
Join for Free
OR
Log In

You Might Also Like...

Show Comments

Extras

Top Quizzes Today


Score Distribution

Your Account Isn't Verified!

In order to create a playlist on Sporcle, you need to verify the email address you used during registration. Go to your Sporcle Settings to finish the process.

Report this User

Report this user for behavior that violates our Community Guidelines.

Details: